00267nam a2200109Ia 4500008004000000020001800040082001700058100001900075245001800094260003700112300000800149210210b1977 xxu||||| |||| 00| 0 eng d a0 586 04796 4 a823.914 SEGO aSEGAL (Erich). aOliver Story. aLondonbGranada Publishingc1977 a191